<?xml version="1.0" encoding="UTF-8"?>
<marc:record xmlns:marc="http://www.loc.gov/MARC21/slim">
   <marc:leader>00000nam a2200000 a 4500</marc:leader>
   <marc:datafield ind1="1" ind2=" " tag="100">
      <marc:subfield code="a">Hall, Edith</marc:subfield>
      <marc:subfield code="4">aut</marc:subfield>
      <marc:subfield code="e">Verfasser/-in</marc:subfield>
   </marc:datafield>
   <marc:datafield ind1="1" ind2=" " tag="100">
      <marc:subfield code="a">Juraschitz, Norbert</marc:subfield>
      <marc:subfield code="4">trl</marc:subfield>
      <marc:subfield code="e">Übersetzer/-in</marc:subfield>
   </marc:datafield>
   <marc:datafield ind1=" " ind2=" " tag="653">
      <marc:subfield code="a">Kultur</marc:subfield>
   </marc:datafield>
   <marc:datafield ind1=" " ind2=" " tag="653">
      <marc:subfield code="a">Griechenland</marc:subfield>
   </marc:datafield>
   <marc:datafield ind1="0" ind2="0" tag="245">
      <marc:subfield code="a">Die Griechen und die Erfindung der Kultur</marc:subfield>
   </marc:datafield>
   <marc:datafield ind1="0" ind2="0" tag="245">
      <marc:subfield code="c">Edith Hall. Aus dem Engl. von Norbert Juraschitz</marc:subfield>
   </marc:datafield>
   <marc:datafield ind1=" " ind2="1" tag="264">
      <marc:subfield code="a">München</marc:subfield>
      <marc:subfield code="b">Pantheon</marc:subfield>
      <marc:subfield code="c">2018</marc:subfield>
   </marc:datafield>
   <marc:datafield ind1=" " ind2=" " tag="250">
      <marc:subfield code="a">2</marc:subfield>
   </marc:datafield>
   <marc:datafield ind1="1" ind2=" " tag="520">
      <marc:subfield code="a">Sie waren die Erfinder der Demokratie, Begründer der Philosophie, Schöpfer unsterblicher Mythen - doch was genau war das Erfolgsgeheimnis der antiken Griechen und was verbindet uns mit ihnen? Edith Hall, Professorin am Londoner Kings's College und eine der weltweit profiliertesten Altertumsforscherinnen, untersucht zehn Charaktereigenschaften, die allen griechischen Völkern gemeinsam waren. Über die Jahrtausende hinweg lernen wir so die wissbegierigen, humorvollen wie kompetitiven Menschen kennen, die als Seefahrer in neue Gebiete vorstießen, sich im Wettkampf in Olympia oder im Redegefecht maßen. Wir erfahren, was die Griechen dachten und fühlten, über welche Witze sie lachten - und es entsteht eine ebenso farbige wie kurzweilig-moderne Geschichte, die uns den Mythen und Göttern, Helden und Menschen so nahe bringt wie nie. (Verlagstext)</marc:subfield>
   </marc:datafield>
   <marc:datafield ind1=" " ind2=" " tag="020">
      <marc:subfield code="a">9783570553817</marc:subfield>
      <marc:subfield code="9">9783570553817</marc:subfield>
   </marc:datafield>
   <marc:datafield ind1=" " ind2=" " tag="020">
      <marc:subfield code="a">3570553817</marc:subfield>
      <marc:subfield code="9">3570553817</marc:subfield>
   </marc:datafield>
   <marc:datafield ind1=" " ind2=" " tag="300">
      <marc:subfield code="a">415 S. : Ill., Kt.</marc:subfield>
   </marc:datafield>
</marc:record>
